| 000 | 00652nam a2200205 i 4500 | ||
|---|---|---|---|
| 001 | 65982 | ||
| 003 | ES-MaACL | ||
| 005 | 20250912063042.0 | ||
| 007 | t| | ||
| 008 | 040126s1970 sp |||| | spa d | ||
| 100 | 1 |
_aFuster, Joan, _d1922-1992 _9163689 |
|
| 245 | 1 | 3 |
_aEl hombre, medida de todas las cosas / _cJoan Fuster. |
| 260 |
_a[Madrid] : _bSeminarios y Ediciones, _c[1970] |
||
| 300 |
_a116 p. ; _c18 cm. |
||
| 490 | 1 |
_aHora H. _aEnsayos y documentos ; _v3 |
|
| 650 | 7 |
_aAntropología filosófica _2embne _99891 |
|
| 830 | 0 |
_aHora H. _aEnsayos y documentos ; _v3 _9176510 |
|
| 852 |
_aES-MaACL _jC-44938 |
||
| 999 |
_c65982 _d65982 |
||